| 000 | 00711nam a22002657a 4500 | ||
|---|---|---|---|
| 001 | 8398 | ||
| 003 | FISKH | ||
| 005 | 20250910143843.0 | ||
| 008 | 250910b cb ||||| |||| 00| 0 eng d | ||
| 020 | _a9781595155344 | ||
| 040 |
_aFISKH _beng _cFISKH _dFISKH |
||
| 050 | _aPZ7 | ||
| 082 | _a551.48 | ||
| 100 | _aJames, R. | ||
| 245 |
_aWater cycle : _bNature's cycle/ _cR. James |
||
| 260 |
_aFlorida : _bRourke Publishing, _c2007. |
||
| 300 |
_a24 pages : _bcolor illustrations ; _c21 cm |
||
| 505 | _aJ | ||
| 520 | _aImages and text describe the water cycle. | ||
| 521 | 8 |
_a500
_bLexile |
|
| 521 | 8 |
_aJ
_bRaz-Plus |
|
| 650 |
_aWater _vNon-Fiction |
||
| 942 |
_2ddc _cBK _n0 |
||
| 999 |
_c8398 _d8398 |
||